Перспективы использования отечественного огнеупорного глинистого сырья Северо-Западного региона в технологии алюмосиликатных пропантов; Проблемы геологии и освоения недр; Т. 2

Bibliografiske detaljer
Parent link:Проблемы геологии и освоения недр: труды XVI Международного симпозиума имени академика М. А. Усова студентов и молодых ученых, Томск, 2-7 апреля 2012 г./ Национальный исследовательский Томский политехнический университет (ТПУ), Институт природных ресурсов (ИПР) ; Общество инженеров-нефтяников, Студенческий чаптер ; под ред. О. Г. Савичева.— , 2012
Т. 2.— 2012.— [С. 668-670]
Hovedforfatter: Скрипченко А. С.
Andre forfattere: Говорова Л. П. Лариса Павловна (научный руководитель), Скурихин В. В., Вакалова Т. В. Татьяна Викторовна, Решетова А. А. Антонина Александровна
Summary:Заглавие с титульного листа
Sprog:russisk
Udgivet: 2012
Serier:Комплексное использование минерального сырья
Fag:
Online adgang:http://www.lib.tpu.ru/fulltext/c/2012/C11/V2/316.pdf
Format: MixedMaterials Electronisk Book Chapter
KOHA link:https://koha.lib.tpu.ru/cgi-bin/koha/opac-detail.pl?biblionumber=238420

MARC

LEADER 00000nla2a2200000 4500
001 238420
005 20231031205131.0
035 |a (RuTPU)RU\TPU\book\259609 
035 |a RU\TPU\book\259597 
090 |a 238420 
100 |a 20130526d2012 k y0rusy50 ca 
101 0 |a rus 
102 |a RU 
105 |a y z 100zy 
135 |a drcn ---uucaa 
181 0 |a i  
182 0 |a b 
200 1 |a Перспективы использования отечественного огнеупорного глинистого сырья Северо-Западного региона в технологии алюмосиликатных пропантов  |b Электронный ресурс  |f А. С. Скрипченко, Л. П. Говорова, В. В. Скурихин  |g науч. рук. Т. В. Вакалова ; А. А. Решетова 
203 |a Текст  |c электронный 
215 |a 1 файл (473 Кб) 
225 1 |a Комплексное использование минерального сырья 
230 |a Электронные текстовые данные (1 файл : 473 Кб) 
300 |a Заглавие с титульного листа 
320 |a [Библиогр.: с. 670 (2 назв.)] 
337 |a Adobe Reader 
461 1 |0 (RuTPU)RU\TPU\book\252494  |t Проблемы геологии и освоения недр  |o труды XVI Международного симпозиума имени академика М. А. Усова студентов и молодых ученых, Томск, 2-7 апреля 2012 г.  |o в 2 т.  |f Национальный исследовательский Томский политехнический университет (ТПУ), Институт природных ресурсов (ИПР) ; Общество инженеров-нефтяников, Студенческий чаптер ; под ред. О. Г. Савичева  |d 2012 
463 1 |0 (RuTPU)RU\TPU\book\252518  |t Т. 2  |v [С. 668-670]  |d 2012 
610 1 |a труды учёных ТПУ 
610 1 |a электронный ресурс 
610 1 |a огнеупорное сырье 
610 1 |a глинистое сырье 
610 1 |a Северо-Западный регион 
610 1 |a алюмосиликатные материалы 
610 1 |a расклинивающие материалы 
610 1 |a расклинивающие агенты 
610 1 |a пропанты 
700 1 |a Скрипченко  |b А. С. 
701 1 |a Говорова  |b Л. П.  |c химик-технолог  |c инженер Томского политехнического университета  |f 1989-  |g Лариса Павловна  |2 stltpush  |3 (RuTPU)RU\TPU\pers\30519 
701 1 |a Скурихин  |b В. В. 
702 1 |a Вакалова  |b Т. В.  |c химик-технолог  |c профессор Томского политехнического университета, доктор технических наук  |f 1956-  |g Татьяна Викторовна  |2 stltpush  |4 727 
702 1 |a Решетова  |b А. А.  |c химик-технолог  |c старший преподаватель Томского политехнического университета, кандидат технических наук  |f 1983-  |g Антонина Александровна  |2 stltpush  |4 727 
801 1 |a RU  |b 63413507  |c 20130205 
801 2 |a RU  |b 63413507  |c 20140312  |g RCR 
856 4 |u http://www.lib.tpu.ru/fulltext/c/2012/C11/V2/316.pdf 
942 |c CF